Statistiques concernant Culture Générale - Série 2360

Cliquez ici pour prendre le quiz!

Statistiques générales

  • Ce quiz a été pris 100 fois
  • Le résultat moyen est 5 sur 10

Statistiques - réponses

QuestionRéponse% Correct
Marché, arrangement entre deux personnes, deux parties (anglicisme familier)deal
81%
Quelle était la profession de Robert Doisneau (1912-1994) ?photographe
73%
Maison de campagne élégante au style coquet et typiquement anglais - 7 lettres commençant par " c "cottage
70%
En argot que signifie "esgourde" ?oreille
65%
Quel était le prénom de l'artiste ayant peint en 1830 "La liberté guidant le peuple" ?Eugène
64%
Quand il est propre ce mot désigne un dramaturge et un chanteur et quand il est commun un oiseau - voir photocorneille
51%
Quelle préparation culinaire originaire du bassin méditerranéen signifie en grec "œufs de poisson salés" ?tarama
49%
Quel était le prénom du célèbre astronome polonais, également chanoine, médecin et mathématicien (1473-1543) ?Nicolas
40%
Quel nom donne-t-on à la personne qui travaille dans les marais salants, autre que celui de saunier ?paludier
29%
Partie du littoral périodiquement recouverte par la marée.estran
24%

Distribution des résultats

Percentile par nombre de réponses

% des personnes avec chaque résultat

Votre développement - résultats

Vous n’avez pas pris ce quiz